Statistics for People to Country - Picture Quiz

Click here to take the quiz!

General Stats

  • This quiz has been taken 56 times
  • The average score is 10 of 16

Answer Stats

Answer% Correct
South Africa
96%
United Kingdom
96%
Austria
87%
South Korea
83%
Brazil
80%
Italy
74%
Zimbabwe
65%
Iceland
61%
Germany
61%
Spain
59%
Colombia
48%
Sweden
48%
Canada
35%
France
33%
Ireland
28%
Chile
11%

Score Distribution

Percentile by Number Answered

Percent of People with Each Score

Your Score History

You have not taken this quiz